Методы расчета эксплуатационной надежности сложных систем (Запись № 9139807)

Подробности
000 -МАРКЕР
контрольное поле 01439nam1a22002651i 4500
001 - ИДЕНТИФИКАТОР ЗАПИСИ
контрольное поле rc\4592934
005 - ИДЕНТИФИКАТОР ВЕРСИИ
контрольное поле 20260406181050.0
035 ## - ДРУГИЕ СИСТЕМНЫЕ НОМЕРА
Идентификатор записи (NLR Aleph) 008384734
100 ## - ДАННЫЕ ОБЩЕЙ ОБРАБОТКИ
Данные общей обработки 20130416d1968 k||y0rusy50 ca
101 0# - ЯЗЫК РЕСУРСА
Язык текста, звукозаписи и т.д. русский
102 ## - СТРАНА ПУБЛИКАЦИИ ИЛИ ПРОИЗВОДСТВА
Страна публикации Российская Федерация
105 ## - ПОЛЕ КОДИРОВАННЫХ ДАННЫХ: ТЕКСТОВЫЕ МАТЕРИАЛЫ, МОНОГРАФИЧЕСКИЕ
Кодированные данные о монографическом текстовом документе j |||||
200 1# - ЗАГЛАВИЕ И СВЕДЕНИЯ ОБ ОТВЕТСТВЕННОСТИ
Основное заглавие Методы расчета эксплуатационной надежности сложных систем
Сведения, относящиеся к заглавию лекции 1-16
Первые сведения об ответственности Киевский дом научно-технической пропаганды. Общество "Знание" УССР. Киевское высшее инженерное радиотехническое училище противовоздушной обороны
210 ## - ПУБЛИКАЦИЯ, РАСПРОСТРАНЕНИЕ И ДР.
Место издания, распространения и т.д. Киев
Дата издания, распространения и т.д. 1968
333 ## - ПРИМЕЧАНИЯ ОБ ОСОБЕННОСТЯХ РАСПРОСТРАНЕНИЯ И ИСПОЛЬЗОВАНИЯ
Текст примечания Для внутриведомственной продажи
606 1# - НАИМЕНОВАНИЕ ТЕМЫ КАК ПРЕДМЕТ
Наименование темы Информационные системы
Формальный подзаголовок Учебные издания для высших учебных заведений
Тематический подзаголовок Разработка
Системный номер авторитетной/нормативной записи 1193825
Идентификатор авторитетной/нормативной записи RU\NLR\AUTH\66482202
686 1# - ИНДЕКСЫ ДРУГИХ КЛАССИФИКАЦИЙ
Индекс з973.233.02-02я73
712 02 - НАИМЕНОВАНИЕ ОРГАНИЗАЦИИ - ВТОРИЧНАЯ ОТВЕТСТВЕННОСТЬ
Код отношения Издающая организация
Начальный элемент ввода Киевское высшее инженерное радиотехническое училище войск ПВО страны им. А. И. Покрышкина
Идентификатор авторитетной/нормативной записи RU\NLR\AUTH\889945759
Системный номер авторитетной/нормативной записи 386957
801 #0 - ИСТОЧНИК ЗАПИСИ
Страна Российская Федерация
Организация NLR
Правила каталогизации psbo
801 #1 - ИСТОЧНИК ЗАПИСИ
Страна Российская Федерация
Организация ELAR
Источник данных rusmarc
852 ## - МЕСТОНАХОЖДЕНИЕ И ШИФР ХРАНЕНИЯ
Идентификатор организации NLR
Шифр хранения (Call Number) 50К/20043 (1-4, 9-16)
852 ## - МЕСТОНАХОЖДЕНИЕ И ШИФР ХРАНЕНИЯ
Идентификатор организации NLR
Шифр хранения (Call Number) 70-5/4875 (5-8)
942 ## - ДОПОЛНИТЕЛЬНЫЕ ЭЛЕМЕНТЫ ЗАПИСИ (АБИС)
Тип экземпляра АБИС Книга

Нет доступных экземпляров.